[Event "21st Abu Dhabi Masters 2014"]
[Site "Abu Dhabi UAE"]
[Date "2014.08.23"]
[Round "4.5"]
[White "Efimenko, Zahar"]
[Black "Gopal, G.N."]
[Result "1/2-1/2"]
[WhiteTitle "GM"]
[BlackTitle "GM"]
[WhiteElo "2641"]
[BlackElo "2558"]
[WhiteFideId "14107201"]
[BlackFideId "5015693"]
[EventDate "2014.08.20"]

1. e4 c5 2. Nf3 d6 3. d4 cxd4 4. Nxd4 Nf6 5. Nc3 a6 6. Be2 e5 7. Nb3 Be7 8. O-O
O-O 9. Be3 Be6 10. Nd5 Nbd7 11. Qd3 Bxd5 12. exd5 Rc8 13. c4 a5 14. Kh1 b6 15.
Rad1 Nc5 16. Nxc5 bxc5 17. f4 exf4 18. Bxf4 Re8 19. Qf3 Nd7 20. Bd3 g6 21. Rde1
Bf8 22. Bg5 f6 23. Rxe8 Qxe8 24. Bxf6 Nxf6 25. Qxf6 Rb8 26. b3 Qe7 27. Qe6+ Kg7
28. Be2 Rb7 29. Bg4 Rc7 30. g3 Ra7 31. h4 a4 32. h5 axb3 33. axb3 Ra2 34. Bf3
Qg5 35. Bd1 Ra7 36. Qe8 Qe7 37. h6+ Kg8 38. Qc8 Qe4+ 39. Bf3 Qf5 40. Qxf5 gxf5
41. Bh5 Bxh6 42. Rxf5 Bg7 43. Kg2 Be5 44. Kh3 Rb7 45. Rf3 Kg7 46. Kg4 Rb8 47.
Kh3 Rf8 48. Rxf8 Kxf8 49. Kg2 1/2-1/2

[Event "21st Abu Dhabi Masters 2014"]
[Site "Abu Dhabi UAE"]
[Date "2014.08.23"]
[Round "4.6"]
[White "Salem, A.R. Saleh"]
[Black "Petrosian, Tigran L."]
[Result "0-1"]
[WhiteTitle "GM"]
[BlackTitle "GM"]
[WhiteElo "2591"]
[BlackElo "2641"]
[WhiteFideId "9301348"]
[BlackFideId "13301616"]
[EventDate "2014.08.20"]

1. e4 d6 2. d4 Nf6 3. Bd3 e5 4. c3 Nc6 5. Ne2 d5 6. exd5 Qxd5 7. O-O exd4 8.
cxd4 Be7 9. Nbc3 Qd8 10. Bf4 Nb4 11. Bc4 c6 12. Be5 O-O 13. Nf4 Ng4 14. Qe2 Bg5
15. Rad1 Qe7 16. Nh5 g6 17. Ne4 Rd8 18. f4 Bh4 19. Nhg3 Bxg3 20. hxg3 Bf5 21.
Nf2 Nxf2 22. Kxf2 h5 23. Rh1 Nd5 24. g4 Bxg4 25. Qxg4 Qxe5 26. Qxg6+ Qg7 27.
Qxg7+ Kxg7 28. Kf3 Nf6 29. Rhe1 Rd7 30. Re5 Rad8 31. Rg5+ Kf8 32. d5 cxd5 33.
Bd3 Rd6 34. Rc1 Rc6 35. Rxc6 bxc6 36. Rf5 Rd6 37. b4 Re6 38. Re5 Ke7 39. Bf5 Nd7
40. Rxe6+ fxe6 41. Bg6 Nf6 0-1

[Event "21st Abu Dhabi Masters 2014"]
[Site "Abu Dhabi UAE"]
[Date "2014.08.23"]
[Round "4.7"]
[White "Volkov, Sergey"]
[Black "Pashikian, Arman"]
[Result "1-0"]
[WhiteTitle "GM"]
[BlackTitle "GM"]
[WhiteElo "2583"]
[BlackElo "2631"]
[WhiteFideId "4122763"]
[BlackFideId "13301578"]
[EventDate "2014.08.20"]

1. d4 Nf6 2. c4 e6 3. Nf3 d5 4. Nc3 Be7 5. cxd5 exd5 6. Bf4 c6 7. Qc2 g6 8. e3
Bf5 9. Bd3 Bxd3 10. Qxd3 Nbd7 11. h3 O-O 12. O-O Re8 13. Rab1 a5 14. Qc2 Nb6 15.
Ne5 Nh5 16. Bh2 Bd6 17. Rbe1 f6 18. Nd3 Bxh2+ 19. Kxh2 Ng7 20. Kg1 Nc4 21. e4
Ne6 22. Nc5 Nxd4 23. Qd3 Ne6 24. Nxe6 Rxe6 25. exd5 Ne5 26. Qg3 Rd6 27. f4 Nf7
28. f5 g5 29. dxc6 Rxc6 30. Re2 Qd4+ 31. Kh1 Kg7 32. Re7 Qb4 33. Nd5 Qb5 34. Qf3
Rac8 35. a4 Qxa4 36. Qh5 Rf8 37. Rxb7 Qc4 38. Ne3 Qc5 39. Ng4 Rc7 40. Rxc7 Qxc7
41. Nxf6 Kxf6 42. Qxh7 Qe5 43. Qg6+ Ke7 44. f6+ Ke6 45. Qb1 Qd5 46. Rd1 Qf5 47.
Qc1 Ne5 48. Qc7 Qf4 49. Qe7+ Kf5 50. Qxf8 Nf3 51. g4+ Ke4 52. Qe7+ Ne5 53. Re1+
Kd5 1-0

[Event "21st Abu Dhabi Masters 2014"]
[Site "Abu Dhabi UAE"]
[Date "2014.08.23"]
[Round "4.8"]
[White "Gupta, Abhijeet"]
[Black "Abasov, Nijat"]
[Result "1-0"]
[WhiteTitle "GM"]
[BlackTitle "GM"]
[WhiteElo "2638"]
[BlackElo "2527"]
[WhiteFideId "5010608"]
[BlackFideId "13402960"]
[EventDate "2014.08.20"]

1. d4 Nf6 2. c4 e6 3. g3 d5 4. Nf3 Bb4+ 5. Bd2 Be7 6. Bg2 O-O 7. O-O c6 8. Bf4
Nbd7 9. Nc3 b6 10. Ne5 Bb7 11. e4 Nxe5 12. dxe5 Nxe4 13. Nxe4 dxe4 14. Bxe4 Qc7
15. Qf3 Rab8 16. h4 c5 17. h5 Bxe4 18. Qxe4 h6 19. Be3 Rfd8 20. b3 Rd7 21. Rfd1
Rbd8 22. Rxd7 Rxd7 23. Kf1 Rd8 24. Ke2 a6 25. Rd1 Rb8 26. Bd2 b5 27. Bc3 Qb7 28.
Qxb7 Rxb7 29. cxb5 axb5 30. a4 Kf8 31. Ra1 Ke8 32. Kd3 Rd7+ 33. Kc2 Rb7 34. Rd1
bxa4 35. bxa4 Ra7 36. Ra1 Kd7 37. Kb3 Kc6 38. Kc4 Bd8 39. a5 Bc7 40. g4 Ra8 41.
f4 f6 42. a6 fxe5 43. Bxe5 Bxe5 44. fxe5 Ra7 45. Rd1 1-0

[Event "21st Abu Dhabi Masters 2014"]
[Site "Abu Dhabi UAE"]
[Date "2014.08.23"]
[Round "4.9"]
[White "Karthikeyan, Murali"]
[Black "Areshchenko, Alexander"]
[Result "1-0"]
[WhiteTitle "IM"]
[BlackTitle "GM"]
[WhiteElo "2462"]
[BlackElo "2684"]
[WhiteFideId "5074452"]
[BlackFideId "14109530"]
[EventDate "2014.08.20"]

1. e4 c5 2. Nf3 d6 3. d4 cxd4 4. Nxd4 Nf6 5. Nc3 a6 6. Bc4 e6 7. Bb3 b5 8. O-O
Be7 9. Qf3 Qb6 10. Be3 Qb7 11. Qg3 Bd7 12. Nf5 exf5 13. Qxg7 Rf8 14. Bg5 Nc6 15.
Bxf6 O-O-O 16. Bd5 Qc7 17. Bxc6 Bxc6 18. Nd5 Bxd5 19. exd5 Kb8 20. Bxe7 Qxe7 21.
Rfe1 Qh4 22. Qc3 Qc4 23. Qxc4 bxc4 24. Re7 Ka8 25. Rae1 Rb8 26. b3 cxb3 27. axb3
Rb5 28. Ra1 Rxd5 29. Rxa6+ Kb8 30. g3 f4 31. Kg2 fxg3 32. hxg3 Rc5 33. Rxd6 Rxc2
34. Rdd7 1-0

[Event "21st Abu Dhabi Masters 2014"]
[Site "Abu Dhabi UAE"]
[Date "2014.08.23"]
[Round "4.10"]
[White "Amin, Bassem"]
[Black "Berescu, Alin-Mile"]
[Result "1/2-1/2"]
[WhiteTitle "GM"]
[BlackTitle "GM"]
[WhiteElo "2627"]
[BlackElo "2458"]
[WhiteFideId "10601457"]
[BlackFideId "1204920"]
[EventDate "2014.08.20"]

1. e4 e6 2. d3 d5 3. Nd2 Nf6 4. Ngf3 c5 5. g3 g6 6. Bg2 Bg7 7. O-O O-O 8. Re1
Nc6 9. c3 Re8 10. e5 Nd7 11. d4 f6 12. exf6 Qxf6 13. Nb3 c4 14. Bg5 Qf7 15. Nbd2
e5 16. dxe5 Ndxe5 17. Nxe5 Nxe5 18. f4 Bg4 19. Qa4 Nd7 20. Qa5 Nb6 21. h3 Be2
22. Ne4 dxe4 23. Rxe2 h6 24. Bh4 g5 25. Bxg5 hxg5 26. Qxg5 Qf6 27. Qxf6 Bxf6 28.
Bxe4 Na4 29. Rae1 Kf8 30. Bg6 Rxe2 31. Rxe2 Rd8 32. g4 Rd6 33. g5 Bxg5 34. Bc2 1/2-1/2

[Event "21st Abu Dhabi Masters 2014"]
[Site "Abu Dhabi UAE"]
[Date "2014.08.23"]
[Round "4.11"]
[White "Raetsky, Alexander"]
[Black "Sumets, Andrey"]
[Result "1/2-1/2"]
[WhiteTitle "GM"]
[BlackTitle "GM"]
[WhiteElo "2426"]
[BlackElo "2622"]
[WhiteFideId "4103203"]
[BlackFideId "14105500"]
[EventDate "2014.08.20"]

1. e4 c6 2. d4 d5 3. f3 e6 4. Be3 dxe4 5. Nd2 exf3 6. Ngxf3 Nf6 7. Nc4 Nbd7 8.
Bd3 c5 9. O-O Be7 10. c3 O-O 11. Nce5 cxd4 12. Bxd4 Bc5 13. Kh1 Bxd4 14. cxd4 h6
15. Qe2 Nd5 16. Nd2 Qg5 17. Ndf3 Qe7 18. Nd2 Qb4 19. Ndc4 N7f6 20. Rf3 Bd7 21.
Raf1 Bb5 22. Rxf6 Nxf6 23. Rxf6 Bxc4 24. Nxc4 gxf6 25. Qg4+ Kh8 26. Qh4 Kg7 27.
Qg3+ Kh8 28. Qh4 Kg7 1/2-1/2

[Event "21st Abu Dhabi Masters 2014"]
[Site "Abu Dhabi UAE"]
[Date "2014.08.23"]
[Round "4.12"]
[White "Ganguly, Surya Shekhar"]
[Black "Ghosh, Diptayan"]
[Result "1/2-1/2"]
[WhiteTitle "GM"]
[BlackTitle "IM"]
[WhiteElo "2614"]
[BlackElo "2473"]
[WhiteFideId "5002150"]
[BlackFideId "5045207"]
[EventDate "2014.08.20"]

1. e4 e5 2. Nf3 Nc6 3. Bb5 a6 4. Ba4 Nf6 5. O-O Be7 6. Re1 b5 7. Bb3 d6 8. c3
O-O 9. h3 Nb8 10. d4 Nbd7 11. Nbd2 Bb7 12. Bc2 Re8 13. Nf1 Bf8 14. Ng3 g6 15. b3
c6 16. Bg5 Bg7 17. Qd2 Qe7 18. Rad1 Qf8 19. c4 c5 20. d5 Bc8 21. Bd3 b4 22. a3
a5 23. Ra1 Rb8 24. Nh2 h5 25. Be3 Qe7 26. axb4 axb4 27. Ra7 Rb7 28. Ra5 Nh7 29.
Qc2 1/2-1/2

[Event "21st Abu Dhabi Masters 2014"]
[Site "Abu Dhabi UAE"]
[Date "2014.08.23"]
[Round "4.13"]
[White "Karavade, Eesha"]
[Black "Burmakin, Vladimir"]
[Result "1/2-1/2"]
[WhiteTitle "IM"]
[BlackTitle "GM"]
[WhiteElo "2392"]
[BlackElo "2593"]
[WhiteFideId "5012600"]
[BlackFideId "4105109"]
[EventDate "2014.08.20"]

1. Nf3 d5 2. c4 c6 3. g3 Nf6 4. Bg2 dxc4 5. O-O Nbd7 6. Na3 Nb6 7. Qc2 Qd5 8. b3
cxb3 9. axb3 e6 10. Nc4 Qd8 11. Bb2 Be7 12. Bd4 Nxc4 13. bxc4 c5 14. Bc3 O-O 15.
Rfb1 Ne8 16. Ne5 Qc7 17. Nd3 Bf6 18. Rb5 Bxc3 19. Qxc3 a6 20. Rxc5 Qd8 21. Rb1
Rb8 22. Ne5 Qd6 23. Qe3 f6 24. Nd3 Rf7 25. Ra5 b6 26. Ra2 b5 27. Rab2 Nc7 28.
Qc5 Qxc5 29. Nxc5 Rb6 30. cxb5 Rxb5 31. d4 e5 32. Rxb5 axb5 33. d5 Ne8 34. d6
Ra7 35. d7 Bxd7 36. Nxd7 Rxd7 1/2-1/2

[Event "21st Abu Dhabi Masters 2014"]
[Site "Abu Dhabi UAE"]
[Date "2014.08.23"]
[Round "4.14"]
[White "Lalith, Babu M.R."]
[Black "Meszaros, Tamas"]
[Result "0-1"]
[WhiteTitle "GM"]
[BlackTitle "IM"]
[WhiteElo "2565"]
[BlackElo "2422"]
[WhiteFideId "5024595"]
[BlackFideId "717410"]
[EventDate "2014.08.20"]

1. Nf3 Nf6 2. c4 e6 3. g3 d5 4. Bg2 dxc4 5. Qa4+ c6 6. Qxc4 b5 7. Qc2 Bb7 8. O-O
Nbd7 9. Nc3 Rc8 10. Rd1 Qb6 11. d3 c5 12. Bf4 Be7 13. a4 b4 14. a5 Qa6 15. Na4
c4 16. dxc4 Rxc4 17. Qd3 Be4 18. Qd2 Rc2 19. Qd4 O-O 20. Ne5 Nxe5 21. Bxe4 Nxe4
22. Qxe4 Rxe2 23. Qg2 Bf6 24. Be3 Rc2 25. Nc5 Qe2 26. Qb7 Nf3+ 27. Kg2 Qxe3 28.
Nd3 Ne5 29. Rac1 Re2 0-1

[Event "21st Abu Dhabi Masters 2014"]
[Site "Abu Dhabi UAE"]
[Date "2014.08.23"]
[Round "4.15"]
[White "Tissir, Mohamed"]
[Black "Barnaure, Vlad-Victor"]
[Result "1/2-1/2"]
[WhiteTitle "IM"]
[BlackTitle "IM"]
[WhiteElo "2366"]
[BlackElo "2513"]
[WhiteFideId "9000240"]
[BlackFideId "1210610"]
[EventDate "2014.08.20"]

1. e4 d6 2. d4 Nf6 3. Nc3 c6 4. Be3 Nbd7 5. Qd2 e5 6. f3 Be7 7. O-O-O Qa5 8. Kb1
b5 9. Nd5 Qxd2 10. Nxf6+ Nxf6 11. Rxd2 Be6 12. Ne2 O-O 13. Nc1 exd4 14. Bxd4 d5
15. Bxf6 Bxf6 16. exd5 Bxd5 17. Bd3 Rfd8 18. Rhd1 Bg5 19. Re2 Bf4 20. Rf1 g6 21.
h3 Bh6 22. Rfe1 Be6 23. Nb3 Bf8 24. Nc1 Rab8 25. Be4 c5 26. g4 c4 27. f4 Bc5 28.
f5 gxf5 29. gxf5 Bd5 30. c3 Kg7 31. f6+ Kxf6 32. Bxh7 Be6 33. Rf1+ Kg7 34. Bf5
Bd5 35. Be4 Be6 36. Bf5 Bd5 1/2-1/2

[Event "21st Abu Dhabi Masters 2014"]
[Site "Abu Dhabi UAE"]
[Date "2014.08.23"]
[Round "4.16"]
[White "Ankit, R. Rajpara"]
[Black "Ramnath Bhuvanesh, R"]
[Result "1-0"]
[WhiteTitle "GM"]
[BlackTitle "IM"]
[WhiteElo "2509"]
[BlackElo "2420"]
[WhiteFideId "5023335"]
[BlackFideId "5026598"]
[EventDate "2014.08.20"]

1. e4 e5 2. Nf3 Nc6 3. Bb5 a6 4. Ba4 d6 5. c3 Nf6 6. d3 g6 7. O-O b5 8. Bb3 Bg7
9. a4 Bd7 10. Ng5 O-O 11. f4 exf4 12. Bxf4 Na5 13. Bc2 d5 14. b4 Nb7 15. axb5
Bxb5 16. Na3 Bc6 17. e5 Nh5 18. Be3 Bxe5 19. d4 Bg7 20. Nxh7 Re8 21. Bg5 Qd7 22.
Nf6+ Nxf6 23. Bxf6 Nd6 24. Qf3 Bxf6 25. Qxf6 Ne4 26. Bxe4 Rxe4 27. Nc2 Bb5 28.
Rf3 Qe6 29. Qxe6 fxe6 30. Re3 Rxe3 31. Nxe3 Rf8 32. Re1 Ra8 33. Ra1 Rf8 34. h3
Kf7 35. Ng4 g5 36. Ne5+ Kg7 37. Nf3 Kf6 38. Re1 1-0

[Event "21st Abu Dhabi Masters 2014"]
[Site "Abu Dhabi UAE"]
[Date "2014.08.23"]
[Round "4.17"]
[White "Neverov, Valeriy"]
[Black "Hesham, Abdelrahman"]
[Result "1-0"]
[WhiteTitle "GM"]
[BlackTitle "IM"]
[WhiteElo "2498"]
[BlackElo "2387"]
[WhiteFideId "14100150"]
[BlackFideId "10600183"]
[EventDate "2014.08.20"]

1. d4 Nf6 2. c4 g6 3. Nc3 Bg7 4. e4 d6 5. f3 O-O 6. Nge2 c5 7. d5 e6 8. Ng3 a6
9. a4 exd5 10. cxd5 h5 11. Bg5 Qc7 12. Qd2 Nh7 13. Bh6 h4 14. Bxg7 Kxg7 15. Nge2
f5 16. Nf4 Qf7 17. Bc4 Ng5 18. O-O Qf6 19. Rae1 Nd7 20. exf5 Ne5 21. Rxe5 dxe5
22. Nxg6 Re8 23. Ne4 Nxe4 24. fxe4 Bd7 25. a5 Bb5 26. b3 b6 27. axb6 Bxc4 28.
bxc4 Rab8 29. d6 Red8 30. d7 Rxb6 31. Nxe5 Kh7 32. Qf4 a5 33. h3 a4 34. Kh2 a3
35. Ng4 Qd4 36. f6 Rxd7 37. f7 1-0

[Event "21st Abu Dhabi Masters 2014"]
[Site "Abu Dhabi UAE"]
[Date "2014.08.23"]
[Round "4.18"]
[White "De Ramos, Julius"]
[Black "Grover, Sahaj"]
[Result "0-1"]
[WhiteTitle "FM"]
[BlackTitle "GM"]
[WhiteElo "2342"]
[BlackElo "2492"]
[WhiteFideId "5200628"]
[BlackFideId "5021103"]
[EventDate "2014.08.20"]

1. c4 f5 2. Nc3 Nf6 3. g3 g6 4. Bg2 Bg7 5. e3 e5 6. Nge2 c6 7. O-O O-O 8. d3 d6
9. b4 Be6 10. Rb1 d5 11. cxd5 cxd5 12. f4 exf4 13. Nd4 Bf7 14. gxf4 Nc6 15. Nce2
Qb6 16. h3 Rfe8 17. Qd2 Nxd4 18. Nxd4 Ng4 19. Nxf5 gxf5 20. hxg4 Rxe3 21. Qf2
Bd4 22. Bb2 Bxb2 23. Rxb2 fxg4 24. d4 Rae8 25. Qh4 Qxd4 26. Qxg4+ Kh8 27. Rbf2
Rg8 28. Qh4 Reg3 29. Kh2 R3g4 30. Qe7 Qg7 31. Bh3 Rg6 32. Qe5 Rh6 33. Qxg7+ Kxg7
34. Rc1 Kf6 0-1

[Event "21st Abu Dhabi Masters 2014"]
[Site "Abu Dhabi UAE"]
[Date "2014.08.23"]
[Round "4.19"]
[White "Bajarani, Ulvi"]
[Black "Zayan, Osama"]
[Result "1-0"]
[WhiteTitle "GM"]
[WhiteElo "2483"]
[BlackElo "2208"]
[WhiteFideId "13403028"]
[BlackFideId "10601180"]
[EventDate "2014.08.20"]

1. e4 c5 2. Nf3 Nc6 3. d4 cxd4 4. Nxd4 g6 5. Nc3 Bg7 6. Be3 Nf6 7. Bc4 O-O 8.
Bb3 a5 9. O-O a4 10. Nxa4 Nxe4 11. c4 d6 12. Re1 Nf6 13. h3 Nxd4 14. Bxd4 Be6
15. Rc1 Qa5 16. Nb6 Rad8 17. Nd5 Bxd5 18. cxd5 Rd7 19. Rc2 Bh6 20. Bc3 Qa7 21.
a4 Rb8 22. Rce2 Bf8 23. Bc4 Rc7 24. b3 Rbc8 25. Qd2 Rxc4 26. bxc4 Qxa4 27. Rxe7
Nh5 28. R7e4 Rxc4 29. Re8 Nf4 30. Qe3 Qd7 31. Bf6 Ne6 32. Ra8 Ng7 33. Rxf8+ 1-0

[Event "21st Abu Dhabi Masters 2014"]
[Site "Abu Dhabi UAE"]
[Date "2014.08.23"]
[Round "4.20"]
[White "Ahmed, Fareed"]
[Black "Rasulov, Vugar"]
[Result "1/2-1/2"]
[BlackTitle "GM"]
[WhiteElo "1899"]
[BlackElo "2509"]
[WhiteFideId "9303677"]
[BlackFideId "13402390"]
[EventDate "2014.08.20"]

1. e4 g6 2. d4 Bg7 3. Nc3 c5 4. Nf3 Qa5 5. Be2 Nc6 6. Be3 Nf6 7. O-O Ng4 8. Bd2
cxd4 9. Nxd4 Nxd4 10. Bxg4 d6 11. Nd5 Bxg4 12. Bxa5 Bxd1 13. Rfxd1 Rc8 14. Rd2
e6 15. Ne3 Nc6 16. Bc3 Bxc3 17. bxc3 Ne5 18. Rxd6 Rxc3 19. Rb1 Ke7 20. Rd4 b6
21. Rb3 Rxb3 22. axb3 g5 23. f3 Nc6 24. Rd2 Rd8 25. Rxd8 Kxd8 26. Kf2 a5 27. Nc4
Kc7 28. Ke3 b5 29. Na3 Kb6 30. c3 Kc5 31. Kd2 h5 32. Kc2 h4 33. Nb1 Ne5 34. Nd2
a4 35. Kb2 Nd3+ 36. Ka3 Ne1 37. g3 Nc2+ 38. Kb2 Ne3 39. Ka3 axb3 40. Kxb3 h3 41.
e5 g4 42. fxg4 Nxg4 43. Ne4+ Kc6 44. Ng5 Nxh2 45. Nxh3 Nf3 46. c4 Nd2+ 47. Kc3
Nxc4 48. Kd4 Na5 49. Ng5 b4 50. Nxf7 Kb5 51. Ng5 Nb3+ 52. Kd3 Nc5+ 53. Kc2 Kc4
54. Nf3 Kd5 55. g4 Nd7 56. Kb3 Nxe5 57. Ng5 Nc6 58. Nf7 e5 59. g5 e4 60. g6 e3
61. g7 Nd4+ 62. Kb2 e2 63. g8=Q e1=Q 64. Qg5+ Ke6 65. Nd8+ Kd6 66. Qf6+ Kc5 67.
Qg5+ Kc4 68. Qg8+ Kd3 69. Qg6+ Kd2 70. Qg5+ Kd1 71. Qh5+ Kd2 72. Qg5+ Qe3 73.
Qxe3+ 1/2-1/2

[Event "21st Abu Dhabi Masters 2014"]
[Site "Abu Dhabi UAE"]
[Date "2014.08.23"]
[Round "4.21"]
[White "Lorparizangeneh, Shahin"]
[Black "Wang, Hao"]
[Result "1/2-1/2"]
[WhiteTitle "FM"]
[BlackTitle "GM"]
[WhiteElo "2277"]
[BlackElo "2730"]
[WhiteFideId "12521604"]
[BlackFideId "8602883"]
[EventDate "2014.08.20"]

1. d4 d5 2. c4 e6 3. Nc3 Bb4 4. Nf3 Nf6 5. cxd5 exd5 6. Bg5 Qd6 7. Nd2 Bf5 8.
Rc1 c6 9. e3 Nbd7 10. a3 Ba5 11. Bf4 Qe7 12. Be2 O-O 13. O-O b5 14. Nb3 Bb6 15.
Na2 Rfc8 16. Nb4 Qe6 17. Na6 Ne4 18. Bd3 Qg6 19. Qc2 h5 20. Nac5 Bxc5 21. dxc5
Nd6 22. Bxf5 Nxf5 23. Rfe1 Nf8 24. e4 dxe4 25. Qxe4 Ne6 26. Bd6 a5 27. a4 Ng5
28. Qd3 bxa4 29. Nd2 Re8 30. Nc4 Nd4 31. Qxg6 fxg6 32. Nb6 Rxe1+ 33. Rxe1 Ra7
34. Re7 Rxe7 35. Bxe7 Ne4 36. Nxa4 Kf7 37. Bd8 Nb3 38. f3 Nexc5 39. Nxc5 Nxc5
40. Bxa5 Na4 41. b4 Ke6 42. Kf2 Nc3 43. Ke3 g5 44. Kd4 Ne2+ 45. Kc5 Kd7 46. b5
cxb5 47. Bd2 Ke6 48. Kxb5 Kf5 49. Kc4 h4 50. Kd3 Nf4+ 51. Bxf4 Kxf4 52. Ke2 g4
53. fxg4 Kxg4 54. Ke3 Kf5 1/2-1/2

[Event "21st Abu Dhabi Masters 2014"]
[Site "Abu Dhabi UAE"]
[Date "2014.08.23"]
[Round "4.22"]
[White "Vaibhav, Suri"]
[Black "Rajesh, V A V"]
[Result "1-0"]
[WhiteTitle "GM"]
[BlackTitle "IM"]
[WhiteElo "2521"]
[BlackElo "2404"]
[WhiteFideId "5045185"]
[BlackFideId "5029317"]
[EventDate "2014.08.20"]

1. e4 e5 2. Nf3 Nc6 3. Bb5 a6 4. Ba4 Nf6 5. O-O Be7 6. Re1 b5 7. Bb3 O-O 8. h3
d6 9. c3 Nb8 10. d4 Nbd7 11. Nbd2 Bb7 12. Bc2 Re8 13. Nf1 Bf8 14. Ng3 g6 15. Bg5
h6 16. Bd2 Bg7 17. a4 c5 18. d5 c4 19. b4 cxb3 20. Bxb3 Nc5 21. c4 Qd7 22. Ba5
Rec8 23. Bc2 bxc4 24. Nd2 Qe7 25. Qe2 Nfd7 26. Nxc4 Rab8 27. Reb1 Bf6 28. Ra2
Qf8 29. Rab2 Bd8 30. Qd2 Bg5 31. Qe1 Bd8 32. Nf1 Bc7 33. Nfe3 Nf6 34. Bb6 Bxb6
35. Rxb6 Ba8 36. Nxd6 Rxb6 37. Rxb6 Rc7 38. Nec4 Nfd7 39. Rb2 Nb7 40. Nxb7 Rxc4
41. Na5 Rd4 42. Qc3 Nc5 43. Nc4 Nxe4 44. Bxe4 Rxe4 45. Nd2 Rd4 46. Qc7 Kh7 47.
d6 Qxd6 48. Qxf7+ Kh8 49. Nc4 Rxc4 50. Qxc4 Kg7 51. a5 Bd5 52. Qc3 Be4 53. Rd2 1-0

[Event "21st Abu Dhabi Masters 2014"]
[Site "Abu Dhabi UAE"]
[Date "2014.08.23"]
[Round "4.23"]
[White "Shyam, Nikil P."]
[Black "Pourkashiyan, Atousa"]
[Result "1/2-1/2"]
[WhiteTitle "IM"]
[BlackTitle "WGM"]
[WhiteElo "2469"]
[BlackElo "2352"]
[WhiteFideId "5024218"]
[BlackFideId "12502014"]
[EventDate "2014.08.20"]

1. Nf3 Nf6 2. g3 d5 3. Bg2 c6 4. d3 Bg4 5. Nbd2 Nbd7 6. h3 Bh5 7. e4 e5 8. O-O
Bxf3 9. Nxf3 dxe4 10. dxe4 Bc5 11. Qe2 O-O 12. Nh4 Re8 13. Nf5 Qc7 14. Bg5 h6
15. Bd2 Bf8 16. b4 Kh7 17. Qc4 Nb6 18. Qe2 Rad8 19. a4 g6 20. Ne3 Bg7 21. a5 Nc8
22. Nc4 Nd6 23. Nxd6 Qxd6 24. Be3 Qxb4 25. Rfb1 Qe7 26. Bxa7 h5 27. Qc4 Bf8 28.
Be3 Ra8 29. Qb3 Red8 30. Ra4 Rd7 31. Bf1 Bh6 32. Bb6 h4 33. Qf3 Nh5 34. Raa1 Rd2
35. Rd1 Rxc2 36. g4 Nf4 37. Qb3 Re2 38. Bxe2 Nxe2+ 39. Kf1 Nd4 40. Qc4 Bg7 41.
Rab1 Ne6 42. Rb3 Nd4 43. Rbd3 Re8 44. Kg2 Qf6 45. Re1 Re6 46. Bc5 Qf4 47. Bxd4
exd4 48. Rf3 Qc7 49. e5 c5 50. Qd5 Kg8 51. Rb1 Re7 52. Rb5 Rd7 53. Qc4 Qxe5 54.
Rxc5 Qe4 55. Qd3 Qe1 56. Rb5 Rc7 57. Qf1 Qe4 58. Qd3 Qe1 59. Qf1 Qe4 1/2-1/2

[Event "21st Abu Dhabi Masters 2014"]
[Site "Abu Dhabi UAE"]
[Date "2014.08.23"]
[Round "4.24"]
[White "Gameel, Mohamed"]
[Black "Shyam, Sundar M."]
[Result "0-1"]
[WhiteTitle "IM"]
[BlackTitle "GM"]
[WhiteElo "2218"]
[BlackElo "2468"]
[WhiteFideId "9401440"]
[BlackFideId "5019141"]
[EventDate "2014.08.20"]

1. e4 c6 2. d4 d5 3. Nc3 dxe4 4. Nxe4 Bf5 5. Ng3 Bg6 6. Nf3 e6 7. h4 h6 8. Ne5
Bh7 9. Bd3 Bxd3 10. Qxd3 Nf6 11. Bd2 Nbd7 12. Nxd7 Qxd7 13. Ne4 Nxe4 14. Qxe4 h5
15. c4 Be7 16. O-O-O Rd8 17. Bg5 O-O 18. Qf3 b5 19. Qxh5 bxc4 20. Rh3 Qd5 21.
Qg4 f6 22. Bf4 f5 23. Qe2 Bf6 24. Bg5 Rd7 25. Bxf6 Rxf6 26. Re3 Qxg2 27. Rxe6
Rxe6 28. Qxe6+ Rf7 29. d5 cxd5 30. Rxd5 Qh1+ 31. Kc2 Qe4+ 32. Qxe4 fxe4 33. Kc3
Rxf2 34. Re5 Re2 35. a4 Kf7 36. Kxc4 Kf6 37. Rb5 Rd2 38. Rb8 a5 39. Re8 Rxb2 40.
Rxe4 Kf5 41. Re7 Rb4+ 42. Kd5 Kg6 43. h5+ Kh6 44. Re5 Rxa4 45. Ke6 Ra1 46. Kf7
Kh7 47. Ke6 a4 48. Kd5 Kh6 0-1

[Event "21st Abu Dhabi Masters 2014"]
[Site "Abu Dhabi UAE"]
[Date "2014.08.23"]
[Round "4.25"]
[White "Gagare, Shardul"]
[Black "Estremera Panos, Sergio"]
[Result "1/2-1/2"]
[WhiteTitle "IM"]
[BlackTitle "IM"]
[WhiteElo "2421"]
[BlackElo "2346"]
[WhiteFideId "5037883"]
[BlackFideId "2200864"]
[EventDate "2014.08.20"]

1. c4 c5 2. g3 g6 3. Bg2 Bg7 4. Nc3 Nc6 5. a3 d6 6. Nf3 e6 7. O-O Nge7 8. d3 b6
9. Rb1 Bb7 10. Bg5 h6 11. Bd2 Qd7 12. b4 Rd8 13. Nb5 g5 14. Bc3 e5 15. a4 O-O
16. Nd2 cxb4 17. Bxb4 Nxb4 18. Rxb4 Bxg2 19. Kxg2 d5 20. Rb1 e4 21. Qb3 dxc4 22.
Nxc4 exd3 23. exd3 Nf5 24. Ne3 a6 25. Nxf5 Qxf5 26. Nc7 Rxd3 27. Qxb6 Qe4+ 28.
Kg1 Qxa4 29. Nxa6 Qd4 30. Qxd4 Bxd4 31. Rbd1 Rxd1 32. Rxd1 Ra8 33. Nc7 Ra1 1/2-1/2

[Event "21st Abu Dhabi Masters 2014"]
[Site "Abu Dhabi UAE"]
[Date "2014.08.23"]
[Round "4.26"]
[White "Sunilduth Lyna, Narayanan"]
[Black "Fenil, Shah"]
[Result "1-0"]
[WhiteElo "2414"]
[BlackElo "2286"]
[WhiteFideId "5058422"]
[BlackFideId "5019850"]
[EventDate "2014.08.20"]

1. d4 d5 2. c4 e6 3. Nf3 c6 4. e3 Nf6 5. Nc3 Nbd7 6. Qc2 Bd6 7. Bd3 dxc4 8. Bxc4
b5 9. Be2 Bb7 10. O-O O-O 11. e4 e5 12. Rd1 Qc7 13. Bg5 Rfe8 14. Rac1 Rac8 15.
Qd3 Qb6 16. dxe5 Bxe5 17. Nxe5 Nxe5 18. Qg3 Kh8 19. Be3 c5 20. b4 Nxe4 21. Nxe4
Bxe4 22. Rxc5 Qe6 23. Bxb5 Nc6 24. h4 Red8 25. Rxd8+ Rxd8 26. Bc4 Qf6 27. Bb3
Nd4 28. Bxd4 Qxd4 29. Qc3 Qd7 30. Rc7 Qd6 31. Rxf7 Qg6 32. f3 Qg3 33. Qd2 Bd3
34. Qg5 Qxg5 35. hxg5 a6 1-0